| 000 | 00740nam a2200217 a 4500 | ||
|---|---|---|---|
| 999 |
_c7605 _d7605 |
||
| 001 | 7605 | ||
| 003 | BD-JhCC | ||
| 005 | 20210927134021.0 | ||
| 008 | 180212b2013 bg a|||| ||a| 00| 0 ben d | ||
| 035 | _a(BD-JhCC) 7605 | ||
| 040 |
_aBD-JhCC _dBD-JhCC |
||
| 041 | _aben | ||
| 082 |
_a519.5 _bAZI 2013 |
||
| 100 | _aআজিজ, মোঃ আব্দুল | ||
| 245 |
_aপরিসংখ্যান প্রথম পত্র একাদশ-দ্বাদশ শ্রেণি / _cমোঃ আব্দুল আজিজ, |
||
| 260 |
_aঢাকা : _bদি এ্যানজেল পাবলিকেশন্স, _c2013 |
||
| 300 |
_a269 p .: _c24 cm . |
||
| 650 | _aStatisties | ||
| 942 |
_2ddc _cBK _02 |
||